| 000 | 01358nam a2200337 i 4500 | ||
|---|---|---|---|
| 001 | 183975 | ||
| 003 | ES-MaACL | ||
| 005 | 20250727092808.0 | ||
| 008 | 150121s2003 sp a c |||| ||spa d | ||
| 020 | _a84-920047-9-7 | ||
| 080 | _a002 | ||
| 080 | _a016:94(460.184 Benavente) | ||
| 245 | 0 | 0 |
_aBenavente y los libros _b: exposición bibliográfica / _c[autores, Fernando Regueras Grande ... et al.]. |
| 260 |
_aBenavente : _bCentro de Estudios Benaventanos "Ledo del Pozo", _c2003. |
||
| 300 |
_a101 p. : _bil. col. ; _c24 cm. |
||
| 490 | 1 |
_aExposiciones y catálogos ; _v5 |
|
| 500 | _aÍndice. | ||
| 504 | _aBibliografía: p. 23. | ||
| 650 | 4 |
_aLibros- _vExposiciones. _9138122 |
|
| 651 | 4 |
_aZamora (Provincia)- _vExposiciones. _9156217 |
|
| 651 | 4 |
_aZamora (Provincia)- _vBibliografías. _9156188 |
|
| 651 | 4 |
_aBenavente- _xHistoria- _vExposiciones. _9156254 |
|
| 655 | 7 |
_2tgfbne _9193628 _aCatálogos de exposiciones |
|
| 700 | 1 |
_aRegueras Grande, Fernando. _9156140 |
|
| 710 | 2 |
_aCentro de Estudios Benaventanos "Ledo del Pozo" _9144530 |
|
| 830 | 0 | 0 |
_aExposiciones y catálogos _v5 _9187714 |
| 852 |
_aES-MaACL _jA-13332 _9190940 _bR.150329 _cDEPO1 _dOlim: N-6332 _hDonación: Centro de Estudios Benaventanos |
||
| 914 |
_9144530 _aCentro de Estudios Benaventanos "Ledo del Pozo" _ednr |
||
| 942 |
_2udc _cMONOGRAFIA |
||
| 999 |
_c183975 _d183975 |
||